000 00960nam a2200289 a 4500
001
003 DO-SdBNP
005 20240705133324.0
008 081212s2007 sp 000 0 spa d
020 _a9789507714429 (o.c)
040 _aBPMSU
_bspa
_cBPMSU
082 4 _a372.6
_bJ93c 2007
_222
245 0 0 _aJugando con la ortografía :
_by adiós a las faltas /
_credacción de textos María Teresa Forero ; dirección de la obra Marta Lucia Ghiglioni ; ilustraciones Víctor Marcelo Páez
250 _a
260 _aUruguay :
_bCultura Librera Americana,
_c2007
300 _av. ;
_c28 cm.
500 _a
504 _a
590 _aInventariado, 2024/VM
650 4 _aEspañol
_xOrtografía
650 4 _aEspañol
_xOrtografía
_xEnseñanza
700 1 _aForero, María Teresa
_eredacciòn
700 1 _aPáez, Víctor Marcelo
_eilustraciones
710 2 _aCultura Librera Americana
910 _aVMateo V. Control de calidad. BPMSU
942 _2ddc
_cBK
999 _c14720
_d14720